| 000 | 00982cam a22003011 4500 | ||
|---|---|---|---|
| 001 | 16079 | ||
| 003 | BD-RjUL | ||
| 005 | 20211208235940.0 | ||
| 008 | 140211s1965 nyua b 001 0 eng | ||
| 035 | _a(BD-RjUL)16134 | ||
| 035 | _a(OCoLC)569348 | ||
| 040 |
_aDLC _cODaWU _dOCoLC _dUk _dDLC _dBD-RjUL _beng |
||
| 041 | _aeng | ||
| 082 |
_a629.8 _bCOP 1965 |
||
| 100 | 1 |
_aCoughanowr, Donald R. _949770 |
|
| 245 | 1 | 0 |
_aProcess systems analysis and control / _cDonald R. Coughanowr [and] Lowell B. Koppel. |
| 250 | _aInternational Student ed. | ||
| 260 |
_aNew York : _bMcGraw-Hill, _cc1965. |
||
| 300 |
_axii, 491 p. : _bill. ; _c23 cm. |
||
| 504 | _aIncludes index. | ||
| 650 | 0 |
_aChemical engineering. _949772 |
|
| 650 | 0 |
_aAutomatic control. _949773 |
|
| 700 | 1 |
_aKoppel, Lowell B., _ejoint author. _949774 |
|
| 830 |
_aMcGraw-Hill chemical engineering series _9154103 |
||
| 942 |
_2ddc _cBK |
||
| 999 |
_c16079 _d16079 |
||